000 00586nam a2200217Ia 4500
008 180523s9999 xx 000 0 und d
020 _a81-7929-055-7
050 _aMAIN HD 69.S8
050 _b.S74 2003
100 _aSteward, Chris.
245 0 _aHow to develop strategic alliances :
245 0 _bfor additional business from major customers /
245 0 _cChris Steward.
260 _aNew Delhi :
260 _bInfinity Books,
260 _c2003
300 _a197 pages :
300 _c22 cm.
500 _aIncludes index.
650 _aStrageic alliances (Business).
999 _c356974
_d356974